000 00931naa a22002657a 4500
001 BR8905190
003 BR-BrBNA
005 20240918180536.0
007 ta
008 230509b bl.||||| |||| 00| 0 por d
040 _aBR-BrBNA
_bpor
_cBiblioteca Nacional de Agricultura
041 _a(Pt)
072 _aF61; F01
_b3750
090 _aF61 BR8905190
100 1 _aHaag, H.P.
100 1 _aLima, A.M.L.P.
245 1 _aMicronutrientes na floricultura
260 3 _aJaboticabal, SP (Brasil):
_c1988.
500 _aSimposio sobre Micronutrientes na Agricultura. Vol. 2. Versao preliminar Jaboticabal, SP (Brasil): 1988. p. 883-908 (BR8905190-AM)F61
650 _aMICROELEMENTO
650 _aPRODUCAO VEGETAL
773 0 _tSimposio sobre Micronutrientes na Agricultura. Vol. 2. Versao preliminar
_wF61 BR8905190
_gJaboticabal, SP (Brasil), 1988. p. 883-908
909 _a202404
_bLucia
_c55
_dLucia Elande
942 _cAM
_2AGRIS
999 _c320970
_d320970